| 000 | 01148nam a2200325 c 4500 | ||
|---|---|---|---|
| 003 | BLK | ||
| 005 | 20250728135449.0 | ||
| 008 | 180409b bul|||||r ||||||| ||bul|| | ||
| 010 | _aKNG00106650000 | ||
| 020 | _a954-733-322-4 | ||
| 040 | _aBLK | ||
| 041 |
_aBUL _cBUL |
||
| 080 |
_aЯпонска литература _b821.521 _x-94 _z821.521-94 |
||
| 100 | 1 |
_aИвасаки, Минеко _eпърви автор _971874 |
|
| 139 |
_aИвасаки, Минеко _bИ 25 |
||
| 245 | 1 | 0 |
_aЖивотът на една гейша _bРоман _cМинеко Ивасаки; прев. Йолина Миланова. |
| 257 | _aJAP | ||
| 260 |
_a[София] _bПрозорец _c2003 _fСофия : Инвестпрес |
||
| 300 |
_a256 с., 8 л. _bил. _c20 см |
||
| 380 | _aX | ||
| 500 | _aОриг. загл. Geisha a life / Mineko Iwasaki. - Офс. изд. | ||
| 700 | 1 |
_aМиланова, Йолина Антонова _9363658 |
|
| 852 | _aЦб 215135 | ||
| 856 | 4 | _qpdf | |
| 856 | 4 | _qpdf | |
| 942 |
_cKNG _n0 |
||
| 944 |
_aCR _c01.01.2003 _k30549 _lВася Ганчева |
||
| 944 |
_aED _c07.07.2004 |
||
| 999 |
_c101599 _d101599 |
||
| 999 | _d101599 | ||